000 00705nam a2200253 a 4500
001 BRL_39
005 20190320210548.0
008 800813s1946 mx-a######---#000-0#spa-#
040 _aDLC
_cTxSaU
_dOCoLC
041 _aspaeng
044 _amx
050 4 _aF1391.G8
_b.C67 1946
100 1 _aCornejo Franco, José,
_d1900-1977
_922722
245 1 0 _aGuadalajara
_cpor José Cornejo Franco.
260 _aMéxico
_c1946
300 _acxxxv, 100 p.
_bil.
_c17 cm.
440 0 _aMonografías mexicanas de arte
_v7
_922723
500 _aAu86
546 _aTexto en: español e inglés
650 1 4 _aArquitectura
_zMéxico
_9596
651 4 _aGuadalajara
_xHistoria
_922724
902 _aGRL
942 _2lcc
_cB
999 _c8852
_d8852